| 000 | 00626 a2200169 4500 | ||
|---|---|---|---|
| 020 | _a0691131295 | ||
| 020 | _a9780691131290 | ||
| 082 | _a523.8875 | ||
| 090 |
_c1686 _d1686 |
||
| 100 | 1 | _aMelia, Fulvio. | |
| 245 | 1 | 4 |
_aThe galactic supermassive black hole / _cFulvio Melia. |
| 260 |
_a[S.l.] : _bPrinceton University Press, _c2007. |
||
| 300 |
_a320 p. ; _c24 cm. |
||
| 856 | 4 | 0 |
_3Amazon.com _uhttp://www.amazon.com/exec/obidos/ASIN/0691131295/chopaconline-20 |
| 942 |
_aSNS _cBK _k523.8875 MEL |
||
| 999 |
_c30294 _d30294 |
||